| 000 | 01168nam a2200265 a 4500 | ||
|---|---|---|---|
| 001 | 000023423 | ||
| 005 | 20200930022217.0 | ||
| 008 | 101207s1994 ag r 000 e spa d | ||
| 020 | _a9506943877 | ||
| 040 |
_aDO-SdBNP _bspa _cBNPHU |
||
| 082 |
_a353.093 _bS642i |
||
| 100 | 1 |
_aSmith, James A., _948262 |
|
| 240 | 1 | 4 |
_aThe idea brokers. Think tanks and the rise of the new policy elite. _lEspañol. |
| 245 | 1 | 0 |
_aIntermediarios de ideas : _blos ¨grupos de expertos¨ (think tanks) y el surgimiento de la nueva elite política / _cJames A. Smith ; traducción de Cristina Piña. |
| 260 |
_aBuenos Aires : _bGrupo Latinoamericano, _c1994. |
||
| 300 |
_a292, [5] p. ; _c23 cm. |
||
| 490 | 1 | _aEstudios políticos y sociales | |
| 504 | _aIncluye notas al pie de las páginas. | ||
| 534 |
_pTítulo original en inglés: _tThe idea brokers. Think tanks and the rise of the new policy elite. _c1991 |
||
| 650 | 4 |
_aCiencias sociales y estado _zEstados Unidos _948263 |
|
| 650 | 4 |
_aAdministración pública _zEstados Unidos _948264 |
|
| 650 | 4 |
_aElite (ciencias sociales) _948265 |
|
| 700 | 1 |
_aPiña, Cristina, _etr. _947086 |
|
| 830 | 0 |
_aEstudios políticos y sociales _928833 |
|
| 999 |
_c22920 _d22920 |
||